| 000 | 00621nam a22001937a 4500 | ||
|---|---|---|---|
| 005 | 20251108164732.0 | ||
| 008 | 250721s1994 xx 000 0 ara d | ||
| 082 | 1 | 4 | _a811.9561/حصن |
| 100 | 1 | _aالحصني، عبد القادر | |
| 245 | 1 | 0 | _aماء الياقوت / |
| 264 | 1 |
_aعمان : _bالإتحاد العام للأدباء و الكتاب العرب - الأمانة العامة، _c1994. |
|
| 300 | _a111ص | ||
| 490 | 0 | _aالإصدارات الشعرية | |
| 650 | 1 | 7 | _aالشعر العربي |
| 650 | 1 | 7 | _aالعصر الحديث |
| 650 | 1 | 7 | _aسورية |
| 942 |
_2ddc _cBK |
||
| 999 |
_c13078 _d13078 |
||